| 000 | 00556nam a22002057a 4500 | ||
|---|---|---|---|
| 999 |
_c6327 _d6327 |
||
| 003 | OSt | ||
| 005 | 20190918143643.0 | ||
| 008 | 190918b ||||| |||| 00| 0 eng d | ||
| 020 | _a0130982636 | ||
| 040 | _cDDC. | ||
| 082 | _a150WAD 2003 | ||
| 100 |
_aWade,Carole;Tavris,carol; _912952 |
||
| 245 | _aPsychology: | ||
| 250 | _a7th ed. | ||
| 260 |
_aNew Jersey. _bPrentice Hall; _c2003. |
||
| 300 |
_axxxi,766p; _bcol,ill; _c26cm. |
||
| 504 | _aGlossary, Bibliography ,credits and index are included. | ||
| 650 |
_aPsychology. _931 |
||
| 942 |
_2ddc _cO_SHELF |
||